[Event "WchT Seniors 50"]
[Site "Dresden"]
[Date "2015.02.25"]
[Round "2.4"]
[White "Chapman, Terry PD"]
[Black "Hamori, Antal"]
[Result "1-0"]
[WhiteElo "2262"]
[BlackElo "2225"]
[PlyCount "55"]
[EventDate "2015.02.24"]
[EventType "team-swiss"]
[EventRounds "9"]
[EventCountry "GER"]
[SourceTitle "CBM 165 Extra"]
[Source "ChessBase"]
[SourceDate "2015.04.21"]
[SourceVersion "1"]
[SourceVersionDate "2015.04.21"]
[SourceQuality "1"]
[WhiteTeam "England"]
[BlackTeam "Engelsdorf"]
[WhiteTeamCountry "ENG"]
[BlackTeamCountry "GER"]

1. Nf3 Nf6 2. c4 g6 3. d4 Bg7 4. g3 c6 5. Nc3 d5 6. cxd5 cxd5 7. Ne5 0-0 8. Bg2 e6 9. 0-0 Nfd7 10. Nf3 Nc6 11. e4 dxe4 12. Nxe4 Nb6 13. Bg5 f6 14. Be3 Nd5 15. Rc1 Nxe3 16. fxe3 Qe7 17. a3 Rd8 18. Qb3 Kh8 19. Rf2 e5 20. d5 Na5 21. Qb4 Qxb4 22. axb4 Nb3 23. Rc3 Bf5 24. Nh4 Bxe4 25. Bxe4 f5 26. Bg2 Na1 27. Ra3 Bh6 28. Re2 1-0